01004nam a2200229 a 450000100100000000500170001000800410002704000250006804100390009308200130013210000260014524000760017124501480024726000450039530000280044053400970046870000340056570000320059904900090063195201170064099900170075700002445820200930023202.0110127s1974 sp a r 001 0 spa d aDO-SdBNPbspacBNPHU17aspahfre2Código de idiomas MARC ann*bnn*1 aKlinger, Fred.95013610aMais oui, vous comprenez le calcul integral et differentiel!lEspañol14a¿El cálculo integral y diferencial?... :b¡pero si es muy fácil! /cFred Klinger ; traducción de Luis Ibañez ; prólogo Jean Quinet. aBarcelona :bTécnicas Marcombo,c1974. a262 p. :bil. ;c21 cm. aTítulo de la obra original :tMais oui, vous comprenez le calcul integral et differentiel!1 aQuinetm Jean,epról.9501371 aIbañez, Luis,etr.950138 aBNGR 001054708MOaGRbGRcCTd2011-01-27iLF1l0onn* nn*p24458-10r2020-06-25w2020-06-25y4ZPréstamo en sala c23951d23951